[Event "45th Olympiad Budapest 2024"]
[Site "Budapest"]
[Date "2024.09.19"]
[Round "8"]
[Board "4"]
[White "Guillaume, Jude Mirvens"]
[Black "Wang, Ting-Hao"]
[Result "1/2-1/2"]
[WhiteElo "1956"]
[BlackElo "1842"]
[PlyCount "83"]
[EventDate "2024.09.11"]
[EventType "team-tourn"]
[EventRounds "11"]
[EventCountry "HUN"]
[WhiteTeam "Haiti"]
[BlackTeam "Chinese Taipei"]
[WhiteTeamCountry "HAI"]

1. d4 d5 2. Bf4 Nf6 3. e3 e6 4. c4 dxc4 5. Bxc4 c5 6. Nf3 Nc6 7. O-O ({RR} 7. Nc3 cxd4 8. Nxd4 Nxd4 9. Qxd4 Qxd4 10. exd4 Bb4 11. O-O Bxc3 12. bxc3 O-O 13. Rab1 b6 14. Bb5 Bd7 15. Bxd7 Nxd7 16. c4 Rac8 17. Rfc1 Rfd8 18. Kf1 h6 19. Ke2 Nf6 20. Be3 Ng4 21. h3 Nxe3 {1-0 Xu,X-Qu,M (1340) Chinese Youth G12 2024 (9.13)}) 7... cxd4 8. Nxd4 Nxd4 9. exd4 Bd6 $146 ({RR} 9... Be7 10. Nc3 O-O 11. Re1 Qb6 12. Na4 Qb4 13. Qb3 Bd7 14. Nc3 Rfc8 15. Bf1 Qxd4 16. Be5 Qb4 17. Qd1 Bc6 18. a3 Qb6 19. Bd3 Rd8 20. Qc2 g6 21. Rad1 Nd7 22. Bf4 Nc5 23. Bc4 Rxd1 24. Rxd1 {½-½ Pomm,K-Bauer,A BL2-Sued 9495 1994 (6.8)}) 10. Be5 O-O 11. Nc3 a6 12. a4 b6 13. Qf3 Ra7 14. Qg3 Rd7 15. Rad1 Bb7 16. Rfe1 Qc7 17. Bd3 Rfd8 18. Qh3 Bxe5 19. dxe5 Be4 20. exf6 Rxd3 21. Qg4 Bg6 22. fxg7 Kxg7 23. h4 h5 24. Qe2 Rxd1 25. Rxd1 Rxd1+ 26. Qxd1 Qc4 27. g3 b5 28. axb5 axb5 29. Qe2 Qxe2 30. Nxe2 Kf6 31. Nd4 Bd3 32. f3 Ke5 33. Nc6+ Kd6 34. Nb4 Bf5 35. Kf2 Kc5 36. Na2 Kc4 37. Nc1 e5 38. Ke3 f6 39. Kd2 Bd7 40. Ke3 Bf5 41. Kd2 Bd7 42. Ke3 1/2-1/2

[Event "45th Olympiad Budapest 2024"]
[Site "Budapest"]
[Date "2024.09.19"]
[Round "8"]
[Board "1"]
[White "Eltigani, Omar"]
[Black "Liyanage, Ranindu Dilshan"]
[Result "0-1"]
[WhiteElo "2241"]
[BlackElo "2366"]
[PlyCount "88"]
[EventDate "2024.09.11"]
[EventType "team-tourn"]
[EventRounds "11"]
[EventCountry "HUN"]
[WhiteTeam "Sudan"]
[BlackTeam "Sri Lanka"]
[WhiteTeamCountry "SUD"]
[BlackTeamCountry "SRI"]

1. d4 Nf6 2. Nc3 d5 3. Bf4 a6 4. e3 h6 ({RR} 4... e6 5. Nf3 Bb4 6. Bd3 c5 7. dxc5 Nc6 8. O-O O-O 9. Na4 Ba5 10. Bd6 Re8 11. c3 e5 12. Be2 Bg4 13. b4 Bc7 14. Bxc7 Qxc7 15. Nb6 Rad8 16. Qc2 e4 17. Nd4 Ne5 18. h3 Bxe2 19. Qxe2 {0-1 Papayan,O (2183)-Liyanage,R (2364) Titled Tue 25th Jun Early 2024 (7)}) 5. Nf3 e6 6. Ne5 ({RR} 6. a3 c5 7. dxc5 Bxc5 8. Bd3 b6 9. e4 Bb7 10. e5 Nfd7 11. O-O g5 12. Bg3 Nc6 13. Re1 g4 14. Nh4 Qg5 15. Nxd5 exd5 16. e6 Nf6 17. b4 Bd4 18. exf7+ Kxf7 19. Nf5 Bxa1 20. Bh4 Qxf5 {1-0 Bortnyk,O (2608)-Nakamura,H (2802) Titled Tue 23rd Jul Late 2024 (6)}) 6... Nbd7 7. Be2 $146 ({RR} 7. g4 Bb4 8. Bg2 Nxe5 9. Bxe5 b5 10. Qd3 Bb7 11. a3 Ba5 12. h3 Qe7 13. O-O O-O 14. b4 Bb6 15. Rab1 Bc6 16. Bg3 Rfb8 17. e4 dxe4 18. Nxe4 Nxe4 19. Bxe4 Bxe4 20. Qxe4 Rd8 21. c3 Rd5 {1-0 Rozman,L (2322)-Kotyk,M (2128) Titled Tue 28th Nov Late 2023 (6)}) ({RR} 7. a3 Nxe5 8. Bxe5 Bd6 9. Bd3 c5 10. Bxd6 Qxd6 11. dxc5 Qxc5 12. O-O Bd7 13. e4 dxe4 14. Nxe4 Nxe4 15. Bxe4 Bc6 16. b4 Qc3 17. Qd3 Qxd3 18. Bxd3 O-O 19. Rfd1 Rfd8 20. Rd2 Bb5 21. Rad1 Bxd3 {0-1 Demin,V (2430)-Siddharth,J (2490) Titled Tue 12th Mar Early 2024 (11)}) 7... c5 8. O-O b5 9. Bf3 Bb7 10. Re1 b4 11. Na4 Nxe5 12. Bxe5 Nd7 13. Bg3 cxd4 14. e4 dxe4 15. Bxe4 Bxe4 16. Rxe4 Qa5 17. b3 Be7 18. Rxd4 Nf6 19. Bd6 Bxd6 20. Rxd6 O-O 21. a3 bxa3 22. Nb6 Ra7 23. Nc4 Qf5 24. Rd3 Nd5 25. Rxa3 Nf4 26. Rf3 e5 27. Ra5 Rd7 28. Qb1 Rfd8 29. Ne3 Qg6 30. Ra1 Rd2 31. h3 Ne2+ 32. Kh1 e4 33. Rf5 Nd4 34. Rf4 Ne6 35. Rg4 Qh7 36. Ra5 Rxf2 37. Qe1 Rdd2 38. Nc4 Rde2 39. Qb4 f5 40. Rg3 f4 41. Qb8+ Nf8 42. Rg4 f3 43. Ra1 fxg2+ 44. Kh2 Rf1 0-1

[Event "45th Olympiad Budapest 2024"]
[Site "Budapest"]
[Date "2024.09.19"]
[Round "8"]
[Board "2"]
[White "Amarathunga, Kosala Sandeepa Chamikara"]
[Black "Ahmed, Hassan"]
[Result "1/2-1/2"]
[WhiteElo "1956"]
[BlackElo "2234"]
[PlyCount "81"]
[EventDate "2024.09.11"]
[EventType "team-tourn"]
[EventRounds "11"]
[EventCountry "HUN"]
[WhiteTeam "Sri Lanka"]
[BlackTeam "Sudan"]
[WhiteTeamCountry "SRI"]
[BlackTeamCountry "SUD"]

1. Nf3 c5 2. b3 Nf6 3. Bb2 g6 4. e3 Bg7 5. Be2 O-O 6. O-O d5 7. d4 cxd4 8. Nxd4 Nc6 9. Nxc6 ({RR} 9. c4 dxc4 10. Nxc6 bxc6 11. Bxc4 Qc7 12. Qc1 Rd8 13. h3 Bf5 14. Nd2 Rd7 15. Nf3 Ne4 16. Bxg7 Kxg7 17. Qb2+ Kg8 18. Nd4 Nd6 19. Be2 c5 20. Rac1 Qb6 21. Nxf5 Nxf5 22. Bg4 e6 23. Qe5 Rd5 {1-0 Nakamura,H (2794)-Firouzja,A (2737) Bullet Chess Winners 2024 (5.21)}) 9... bxc6 10. Nd2 ({RR} 10. c4 Re8 11. Be5 Ne4 12. Bxg7 Kxg7 {½-½ Xu,J (2138)-Itgelt,K (2402) Serbia Open 2024 (9.18)}) 10... Qd6 11. Qc1 $146 ({RR} 11. Nf3 Bg4 12. Rc1 Bxf3 13. Bxf3 e5 14. c4 Rac8 15. Qd2 Rfd8 16. Rfd1 Rc7 17. cxd5 cxd5 18. Rxc7 Qxc7 19. Qc3 Qxc3 20. Bxc3 e4 21. Bxf6 Bxf6 22. Be2 Kf8 23. Rc1 Ke7 24. Kf1 Kd6 25. Bb5 Be5 {½-½ Wysocki,W-Knapik,A (1858) POL-chT U19 1st League 2009 (4)}) 11... Ng4 12. Bxg4 Bxg4 13. h3 Be2 14. Bxg7 Kxg7 15. Re1 Ba6 16. Qb2+ e5 17. Rad1 Qe7 18. Rc1 f6 19. c4 Rad8 20. Rc3 Rd7 21. cxd5 cxd5 22. Nf3 Rfd8 23. Rc2 Bb7 24. Nh2 h5 25. Rd2 Rc7 26. Red1 Rdc8 27. Nf1 Qb4 28. Ng3 a5 29. Ne2 h4 30. f4 Qe4 31. fxe5 Qxe3+ 32. Kh1 fxe5 33. Kh2 d4 34. Nxd4 exd4 35. Rxd4 Qe5+ 36. Kh1 Re7 37. Qd2 Qg3 38. Rd3 Qe5 39. Rd4 Qg3 40. Rd3 Qe5 41. Rd4 1/2-1/2

[Event "45th Olympiad Budapest 2024"]
[Site "Budapest"]
[Date "2024.09.19"]
[Round "8"]
[Board "3"]
[White "Hamid, Mohammed"]
[Black "Kodithuwakku, K K Dinujaya"]
[Result "0-1"]
[WhiteElo "2090"]
[BlackElo "1827"]
[PlyCount "62"]
[EventDate "2024.09.11"]
[EventType "team-tourn"]
[EventRounds "11"]
[EventCountry "HUN"]
[WhiteTeam "Sudan"]
[BlackTeam "Sri Lanka"]
[WhiteTeamCountry "SUD"]
[BlackTeamCountry "SRI"]

1. c4 Nf6 2. Nc3 e6 3. Nf3 d5 4. d4 Nbd7 5. Bg5 Bb4 6. e3 c5 7. cxd5 exd5 8. Bd3 Qa5 9. O-O c4 10. Bc2 Bxc3 11. bxc3 Qxc3 12. a4 ({RR} 12. Rc1 Qa5 13. Ne5 O-O 14. Nxd7 Nxd7 15. Qh5 g6 16. Qf3 f6 17. Bh6 Rf7 18. e4 Nb6 19. Rfe1 Be6 20. h4 Re8 21. Qg3 dxe4 22. Bxe4 Qh5 23. Bd2 Bd5 24. Bxd5 Rxe1+ 25. Rxe1 Qxd5 26. Re8+ Rf8 {½-½ Xiong,J (2686)-Kravtsiv,M (2598) Titled Tuesday intern op 04th Jan blitz 2022 (9)}) 12... O-O $146 ({RR} 12... Qa5 13. Qb1 Qb6 14. Qxb6 axb6 15. Rfb1 Ra6 16. Nd2 O-O 17. f3 Re8 18. Kf2 h6 19. Bf4 Nf8 20. Bc7 N6d7 21. g4 Ne6 22. Bg3 Nf6 23. Rb4 Bd7 24. Nb1 b5 25. Ra3 Rea8 26. Nc3 Ra5 27. Be5 {½-½ Iinuma,P (2133)-Eckert,D (2111) AGCA Inv IM 2024 (6.3)}) 13. Rb1 Re8 14. Bf4 Nf8 15. Rb5 Qa3 16. Be5 N8d7 17. Qb1 Qe7 18. a5 Qd8 19. Qa2 b6 20. axb6 Nxb6 21. Rfb1 Bg4 22. Ra5 Ne4 23. Bxe4 dxe4 24. Nd2 c3 25. Nxe4 Be6 26. Qa1 Bf5 27. Nd6 Bxb1 28. Nxe8 c2 29. Rc5 Nd7 30. Rxc2 Bxc2 31. Nc7 Rb8 0-1

[Event "45th Olympiad Budapest 2024"]
[Site "Budapest"]
[Date "2024.09.19"]
[Round "8"]
[Board "4"]
[White "Bandara, Dhanushka"]
[Black "Eltag, Siddig"]
[Result "0-1"]
[WhiteElo "1903"]
[BlackElo "2138"]
[PlyCount "94"]
[EventDate "2024.09.11"]
[EventType "team-tourn"]
[EventRounds "11"]
[EventCountry "HUN"]
[WhiteTeam "Sri Lanka"]
[BlackTeam "Sudan"]
[WhiteTeamCountry "SRI"]
[BlackTeamCountry "SUD"]

1. e4 d5 2. exd5 Nf6 3. d4 Nxd5 4. Nf3 g6 5. h3 Bg7 6. Bd3 ({RR} 6. Bc4 O-O 7. O-O Nb6 8. Bb3 c5 9. dxc5 Qxd1 10. Rxd1 N6d7 11. Ng5 Nxc5 12. Bc4 Nc6 13. Nc3 h6 14. Be3 hxg5 15. Bxc5 g4 16. hxg4 Bxg4 17. f3 Bxc3 18. bxc3 Bf5 19. Bb5 Rfc8 20. Bxc6 Rxc6 {0-1 Skripchenko,A (2414)-Topalov,V (2740) Salamanca Uni 8th rapid 2018 (7)}) ({RR} 6. Bc4 O-O 7. O-O a6 8. Re1 Nc6 9. c3 h6 10. Nbd2 Re8 11. Ne4 b5 12. Bf1 Nb6 13. Bf4 Be6 14. Nc5 Bd5 15. Ne5 Nxe5 16. Bxe5 Bxe5 17. Rxe5 Qd6 18. Qg4 Kg7 19. a4 Bc4 20. Qf3 Bxf1 {½-½ Jonkman,H (2336)-Hirneise,J (2266) Titled Tue 31st Jan Late 2023 (1)}) 6... O-O 7. O-O Nc6 8. c3 h6 $146 ({RR} 8... e5 9. dxe5 Nxe5 10. Nxe5 Bxe5 11. Re1 Bg7 12. Be4 Nb6 13. Qxd8 Rxd8 14. Bg5 Re8 15. Na3 c6 16. Rad1 Be6 17. Bb1 h6 18. Be3 Rac8 19. Bxb6 axb6 20. Nc2 Ra8 {½-½ Rozybakiyev,R (1817)-Minville,G (1564) Quebec-ch U18 2006 (5)}) ({RR} 8... e5 9. dxe5 Nxe5 10. Nxe5 Bxe5 11. Bh6 Re8 12. Nd2 Nxc3 13. Qf3 Nd5 14. Bc4 c6 15. Qb3 b5 16. Bxd5 Qxd5 17. Qxd5 cxd5 18. Rad1 Bxb2 19. Rb1 Bf6 20. Rfd1 a6 21. Nf1 Be6 22. Ne3 d4 23. Ng4 {0-1 Komiszar,N-Dupsky,L HUN-chT Hungary 1991}) ({RR} 8... e5 9. dxe5 Nxe5 10. Nxe5 Bxe5 11. Bh6 Bxh3 12. gxh3 Qh4 13. Qf3 Qxh6 14. Qxd5 Rad8 15. Qf3 Rd6 16. Na3 Rf6 17. Qg2 Rf4 18. Rfe1 Bd6 19. Nc4 Bc5 20. Ne3 Kh8 21. Rad1 Rh4 22. Bf1 f5 23. Rd5 {1-0 Martinez,G (2115)-Noire,E (2080) FRA-chT2S France 1997 (4)}) 9. Re1 Kh7 10. Na3 a6 11. Nc4 Bf5 12. Nce5 Nxe5 13. Nxe5 Bxd3 14. Qxd3 Qd6 15. Qg3 Rad8 16. Qh4 Qf6 17. Qg3 Qd6 18. Re4 f5 19. Rh4 Qf6 20. c4 f4 21. Qd3 Nb4 22. Qe4 Qxh4 23. Nxg6 Rxd4 24. Qxd4 Bxd4 25. Nxh4 Nd3 26. Nf3 Bxf2+ 27. Kf1 Bc5 28. Ke2 Rd8 29. Bd2 e5 30. Bc3 e4 31. Nd2 f3+ 32. gxf3 Nf4+ 33. Ke1 e3 34. Nf1 e2 35. Ng3 Rg8 36. Nxe2 Re8 37. Kd1 Rxe2 38. Bd2 Rh2 39. Rc1 Rh1+ 40. Kc2 Rxc1+ 41. Bxc1 Nxh3 42. Kd3 Kg6 43. Ke4 Ng5+ 44. Kf4 Bd6+ 45. Ke3 Kf5 46. Kf2 Bf4 47. Bxf4 Kxf4 0-1

[Event "45th Olympiad Budapest 2024"]
[Site "Budapest"]
[Date "2024.09.19"]
[Round "8"]
[Board "1"]
[White "Loay, Sameer"]
[Black "Kanegeni, Matthew Kamau"]
[Result "1-0"]
[WhiteElo "2194"]
[BlackElo "1976"]
[PlyCount "71"]
[EventDate "2024.09.11"]
[EventType "team-tourn"]
[EventRounds "11"]
[EventCountry "HUN"]
[WhiteTeam "Jordan"]
[BlackTeam "Kenya"]
[WhiteTeamCountry "JOR"]
[BlackTeamCountry "KEN"]

1. Nf3 {Bulletin/Primel,D} d5 2. g3 c6 3. Bg2 Nf6 4. O-O Bg4 ({RR} 4... Bf5) 5. d3 Nbd7 6. Nbd2 e5 7. h3 Bh5 8. e4 Bd6 9. Re1 ({RR} 9. Qe1) ({RR} 9. exd5 cxd5 10. c4 O-O 11. cxd5 Nxd5 12. Qb3) 9... d4 $146 ({RR} 9... O-O 10. c3 Qc7 ({RR} 10... Re8) 11. Qc2 Rad8 ({RR} 11... Rfe8 12. a3 ({RR} 12. b3) 12... a5) ({RR} 11... a5) 12. Nh4 Rfe8 13. Bf3 Bxf3 14. Ndxf3 a5 15. Bg5 ({RR} 15. Nf5 Bf8 16. Bg5 h6) 15... h6 16. Bxf6 Nxf6 17. a3 g6 18. Nh2 h5 19. Nf1 ({RR} 19. N2f3) 19... Bc5 20. Kg2 ({RR} 20. b4) 20... b5 21. Rad1 Bf8 22. Nf3 a4 23. N1d2 Bh6 24. c4 {½-½ Gausel,E (2205)-Bareev,E World U20-ch22 1983 (1)}) ({RR} 9... O-O 10. Qe2 Re8 11. Qf1 Nc5 12. Nh4 Ne6 13. Nf5 Bb4 14. c3 Bf8 15. Nb3 a5 16. a4 Qb6 17. Nd2 Nc5 18. Kh2 Rad8 19. exd5 cxd5 20. d4 Ncd7 21. dxe5 Nxe5 22. Nd4 Bg6 23. N2f3 Nd3 24. Rxe8 {0-1 Pranav,V (2608)-Yoo,C (2606) chess.com Junior Speed 2023 (1.14)}) ({RR} 9... O-O 10. Nf1 dxe4 11. dxe4 Nc5 12. g4 Bg6 13. N3d2 h5 14. g5 Ne8 15. h4 f6 16. Ng3 fxg5 17. hxg5 Qxg5 18. Nf3 Qf6 19. Bg5 Qe6 20. Nh4 Bf7 21. Kh2 g6 22. b3 Qd7 23. Bh3 Ne6 24. Bh6 {0-1 Maltsevskaya,A (2374)-Droin,A (2471) Titled Tue 13th Feb Early 2024 (6)}) ({RR} 9... O-O 10. g4 Bg6 11. Nh4 Re8 12. Nf5 Bf8 13. Nf1 Nc5 14. N1g3 dxe4 15. dxe4 Qxd1 16. Rxd1 h5 17. f3 Rad8 18. Bg5 hxg4 19. fxg4 Na4 20. Rxd8 Rxd8 21. Rb1 Rd7 22. Kf1 Ne8 23. Ne2 Nc7 24. b3 {0-1 Stratil,L (2415)-Lputian,S (2540) Uzhgorod 1988}) ({RR} 9... O-O 10. b3 Re8 11. Bb2 a5 12. a3 b5 13. g4 Bg6 14. Nh4 d4 15. Nf5 Bf8 16. f4 c5 17. Nf3 exf4 18. Bc1 Bxf5 19. gxf5 Qc7 20. Rf1 Ra6 21. a4 bxa4 22. Rxa4 Nb6 23. Ra2 a4 24. Nh2 {0-1 Nikolac,J (2495)-Hodgson,J (2525) Almada 1988 (6)}) 10. c3 Bxf3 11. Bxf3 dxc3 12. bxc3 O-O 13. Nc4 Nb6 14. Nxd6 Qxd6 15. d4 Rfd8 16. Qb3 Nfd7 17. Be3 exd4 18. cxd4 Nf8 19. Bg2 Ne6 20. Rad1 Rd7 21. f4 g6 22. f5 gxf5 23. exf5 Nc7 24. Bf4 Qf6 25. Qf3 Ncd5 26. Be5 Qh6 27. f6 Kh8 28. Re4 Rg8 29. Rh4 Qe3+ 30. Kh2 Qxf3 31. Bxf3 Nc3 32. Rd3 Nbd5 33. Bg4 Rxg4 34. Rxg4 Nxa2 35. Ra3 Ndb4 36. Rxa7 1-0

[Event "45th Olympiad Budapest 2024"]
[Site "Budapest"]
[Date "2024.09.19"]
[Round "8"]
[Board "2"]
[White "Oluka, Robert Mcligeyo"]
[Black "Saif, Malek"]
[Result "0-1"]
[WhiteElo "1990"]
[BlackElo "2162"]
[PlyCount "130"]
[EventDate "2024.09.11"]
[EventType "team-tourn"]
[EventRounds "11"]
[EventCountry "HUN"]
[WhiteTeam "Kenya"]
[BlackTeam "Jordan"]
[WhiteTeamCountry "KEN"]
[BlackTeamCountry "JOR"]

1. e4 e5 2. Nc3 Nf6 3. Bc4 Nc6 4. d3 Bc5 5. f4 d6 6. Nf3 Qe7 7. Na4 Bb6 8. Nxb6 axb6 9. O-O Bd7 ({RR} 9... Na5 10. fxe5 dxe5 11. Bg5 Nxc4 12. dxc4 Qc5+ 13. Kh1 Bd7 14. Bxf6 gxf6 15. Nh4 Qxc4 16. Rxf6 O-O-O 17. Qd5 Qxd5 18. exd5 Bb5 19. Rxf7 Rxd5 20. Kg1 Rd2 21. Rf2 Rhd8 22. g4 Rxf2 23. Kxf2 Rd2+ 24. Kf3 {0-1 Kremer,N (1898)-Mekarapiruk,N (1728) Olympiad Women 2024 (4.38)}) 10. Bd2 $146 ({RR} 10. a3 h6 11. c3 Bg4 12. h3 Bh5 13. f5 Bxf3 14. Qxf3 O-O-O 15. b4 Rdf8 16. b5 Nb8 17. a4 Nbd7 18. a5 bxa5 19. Rxa5 Nb6 20. Bb3 g5 21. Be3 Nbd7 22. Ra8+ Nb8 23. Ba7 Kd7 24. Re1 Rc8 {1-0 Tate,W-Parker,D Victoria Grand Pacific op 3rd 2009 (5)}) ({RR} 10. fxe5 dxe5 11. Bg5 O-O-O 12. Qe2 h6 13. Bh4 Rdg8 14. Bxf6 gxf6 15. Nd2 Bh3 16. Rf2 Qc5 17. Kh1 Bg4 18. Qf1 Qb4 19. Nb3 Qe7 20. Rxf6 Bh5 21. Bxf7 Rf8 22. Be6+ Kb8 23. Rxf8+ Rxf8 24. Bf5 Qf6 {1-0 Hortensius,N-Minnebo,J Hengelo U14 op 2003 (7)}) 10... h6 11. fxe5 dxe5 12. Kh1 Be6 13. Bb5 Nd7 14. Qe1 Qc5 15. a4 Qd6 16. Bc3 f6 17. Bxc6 bxc6 18. d4 exd4 19. Nxd4 Ne5 20. Rd1 Bg4 21. Nf3 Qe6 22. Nxe5 Bxd1 23. Qxd1 fxe5 24. Rf5 Qd6 25. Qg4 O-O-O 26. Rf1+ Rd7 27. Qe2 Kb7 28. a5 c5 29. axb6 cxb6 30. h3 Qc6 31. Ra1 Ra8 32. Rxa8 Kxa8 33. Qa6+ Ra7 34. Qc4 Re7 35. Qa6+ Kb8 36. Kh2 Kc7 37. Qd3 Qd6 38. Qa6 Qc6 39. Qd3 c4 40. Qf3 Qf6 41. Qe2 Qe6 42. Qe3 g5 43. Be1 Kb7 44. Bg3 Qc6 45. Qf3 Rd7 46. Bxe5 Re7 47. Bg3 Rxe4 48. Qf7+ Ka6 49. Qf3 Qe6 50. b3 cxb3 51. cxb3 Kb5 52. Qd3+ Kc6 53. Qa6 h5 54. Bf2 Rb4 55. Qa8+ Kb5 56. Qd8 Re4 57. Qd3+ Ka5 58. Qd8 g4 59. h4 Qe5+ 60. Kg1 Rb4 61. Qd2 Qe6 62. Be1 Qxb3 63. Qg5+ Ka4 64. Bxb4 Kxb4 65. Qxh5 Qd1+ 0-1

[Event "45th Olympiad Budapest 2024"]
[Site "Budapest"]
[Date "2024.09.19"]
[Round "8"]
[Board "3"]
[White "Anas, Khwaira"]
[Black "Wanasunia, Elvis Likoko"]
[Result "1-0"]
[WhiteElo "1994"]
[BlackElo "1942"]
[PlyCount "93"]
[EventDate "2024.09.11"]
[EventType "team-tourn"]
[EventRounds "11"]
[EventCountry "HUN"]
[WhiteTeam "Jordan"]
[BlackTeam "Kenya"]
[WhiteTeamCountry "JOR"]
[BlackTeamCountry "KEN"]

1. d4 c5 2. d5 d6 3. c4 b5 4. cxb5 a6 5. e4 Nf6 6. Nc3 g6 7. a4 Bg7 8. Nf3 O-O 9. Bd2 Nbd7 10. Bd3 $146 ({RR} 10. Be2 Ne8 11. O-O Nc7 12. Bf4 Bb7 13. Qb3 axb5 14. axb5 Nb6 15. Nd2 f5 16. Nc4 Nxc4 17. Bxc4 fxe4 18. Bd2 Bd4 19. Nxe4 Rf5 20. b6 Nxd5 21. Ra7 Rxa7 22. bxa7 Qa8 23. Ra1 Rf8 24. Bh6 Bg7 {1-0 Nieva,J (2115)-Rey Besada,F (2177) Villa Ballester de Invierno op 2nd 2002 (7)}) ({RR} 10. Be2 axb5 11. axb5 Bb7 12. O-O Nb6 13. Qc2 Qd7 14. h3 e6 15. dxe6 Qxe6 16. Rxa8 Rxa8 17. Re1 h6 18. Bf1 Nfd7 19. Bf4 g5 20. Bg3 Re8 21. Rd1 Bf8 22. Qd2 Nf6 23. Bxd6 Rd8 24. e5 Ne8 {0-1 Karjakin,S (2783)-Nepomniachtchi,I (2751) chess.com Speed 1m+1spm 2017 blitz (2.25)}) ({RR} 10. bxa6 Bxa6 11. Bb5 Bxb5 12. axb5 Qb6 13. O-O Ng4 14. Qe2 Rfb8 15. h3 Nge5 16. Nxe5 Bxe5 17. f4 Bd4+ 18. Kh1 Nf6 19. e5 Bxc3 20. bxc3 Nxd5 21. c4 Nb4 22. exd6 exd6 23. f5 Rxa1 24. Rxa1 Qd8 {1-0 Akobian,V (2564)-Storey,C (2159) Titled Tue 30th Jul Early 2024 (1)}) ({RR} 10. Ra3 Bb7 11. Be2 e6 12. bxa6 Bxa6 13. dxe6 fxe6 14. O-O d5 15. exd5 exd5 16. Bg5 Bxe2 17. Qxe2 Qb6 18. Rb1 Rfe8 19. Qd3 Qc6 20. a5 d4 21. Qb5 Qe6 22. Na4 Rab8 23. Qd3 Nd5 24. Bd2 Nb4 {1-0 Gilbert,J (2075)-Robinson,D (2036) WLS-ch Cardiff 2005 (3)}) ({RR} 10. h3 e6 11. dxe6 fxe6 12. Bc4 Nb6 13. Bb3 axb5 14. axb5 Rxa1 15. Qxa1 c4 16. Bc2 d5 17. Be3 Nh5 18. Nd4 Nf4 19. O-O e5 20. Nc6 Qg5 21. Bxf4 exf4 22. f3 Bxh3 23. Rf2 d4 24. Nd5 Nxd5 {0-1 Gvarjaladze,N-Gogochuri,L (2188) GEO-ch I Liga 2002 (2)}) 10... axb5 11. axb5 Rb8 12. O-O Ng4 13. h3 Nge5 14. Nxe5 Nxe5 15. Be2 Qc7 16. Qc2 Nd7 17. Ra3 e5 18. Rb1 f5 19. f3 f4 20. Be1 g5 21. Bf2 h5 22. b4 cxb4 23. Rxb4 g4 24. fxg4 hxg4 25. Bxg4 Nf6 26. Bf3 Qf7 27. b6 Qg6 28. Kf1 Bb7 29. Rc4 Rfc8 30. Rxc8+ Rxc8 31. Qb2 Rxc3 32. Qxc3 Nxe4 33. Qd3 Ba6 34. Qxa6 Nd2+ 35. Ke2 Qb1 36. Kxd2 Qb2+ 37. Ke1 e4 38. Bxe4 Qc1+ 39. Ke2 f3+ 40. gxf3 Qb2+ 41. Kf1 Qc1+ 42. Be1 Bd4 43. Qa8+ Kg7 44. Ra7+ Kh6 45. Qf8+ Kg5 46. Qf5+ Kh6 47. Rh7# 1-0

[Event "45th Olympiad Budapest 2024"]
[Site "Budapest"]
[Date "2024.09.19"]
[Round "8"]
[Board "4"]
[White "Mutuge, Ian"]
[Black "Rakan, Dasa"]
[Result "0-1"]
[WhiteElo "1938"]
[BlackElo "1976"]
[PlyCount "54"]
[EventDate "2024.09.11"]
[EventType "team-tourn"]
[EventRounds "11"]
[EventCountry "HUN"]
[WhiteTeam "Kenya"]
[BlackTeam "Jordan"]
[WhiteTeamCountry "KEN"]
[BlackTeamCountry "JOR"]

1. e4 c6 2. Nc3 d5 3. Nf3 dxe4 4. Nxe4 Nf6 5. Qe2 Nxe4 6. Qxe4 Nd7 7. Bc4 Nf6 8. Qe2 g6 ({RR} 8... e6 9. O-O Bd6 10. d4 Qc7 11. Bg5 Nd5 12. Rad1 h6 13. Bc1 b6 14. Bd3 Bb7 15. c4 Nf6 16. a3 O-O 17. h3 c5 18. dxc5 bxc5 19. b3 e5 20. Bc2 e4 21. Nh4 Rad8 22. Nf5 Bh2+ 23. Kh1 {½-½ Wang,H (2756)-Shimanov,A (2587) Wch Blitz Moscow 2019 (14)}) ({RR} 8... Bf5 9. d4 e6 10. h3 h6 11. c3 Bd6 12. g4 Bg6 13. Ne5 Bxe5 14. Qxe5 O-O 15. g5 Nd7 16. Qg3 h5 17. f4 Nb6 18. Bd3 Nd5 19. Bd2 Ne7 20. Bxg6 fxg6 21. O-O-O Nf5 22. Qd3 Qd5 23. Kb1 {1-0 Amewounou,K (1825)-Abdou,M (1782) 45th Olympiad 2024 (3.91)}) 9. O-O Nd5 $146 ({RR} 9... Bg7 10. Re1 e6 11. d4 Nd5 12. Bb3 Ne7 13. Bf4 O-O 14. Rad1 Nf5 15. c4 Qb6 16. c5 Qd8 17. Ne5 Ne7 18. Nc4 Nd5 19. Be5 b6 20. Nd6 f6 21. Bg3 Bd7 22. Bxd5 exd5 23. Qe7 Rb8 24. b3 {½-½ Lujan,C (2350)-Nomin Erdene,D (2377) Olympiad Women-43 2018 (10.1)}) 10. Qe5 Rg8 11. d3 Bg4 12. Nd2 Qc7 13. Qe1 O-O-O 14. Ne4 Bg7 15. h3 Bf5 16. Be3 Nxe3 17. Qxe3 Bxb2 18. Rab1 Bd4 19. Qe2 e6 20. c3 Bb6 21. d4 e5 22. a4 exd4 23. a5 Bxa5 24. Rxb7 Kxb7 25. Ba6+ Ka8 26. Nc5 Rb8 27. cxd4 Bb6 0-1

[Event "45th Olympiad Budapest 2024"]
[Site "Budapest"]
[Date "2024.09.19"]
[Round "8"]
[Board "1"]
[White "Christie, Joshua"]
[Black "Ndahangwapo, Heskiel"]
[Result "1-0"]
[WhiteElo "2271"]
[BlackElo "2011"]
[PlyCount "121"]
[EventDate "2024.09.11"]
[EventType "team-tourn"]
[EventRounds "11"]
[EventCountry "HUN"]
[WhiteTeam "Jamaica"]
[BlackTeam "Namibia"]
[WhiteTeamCountry "JAM"]
[BlackTeamCountry "NAM"]

1. d4 Nf6 2. c4 e6 3. g3 d5 4. Bg2 Be7 5. Nf3 O-O 6. Qc2 dxc4 7. O-O a6 8. a4 Nc6 9. Qxc4 Qd5 10. Qxd5 exd5 11. Bf4 Na5 12. Nbd2 c6 13. Bc7 Bb4 14. Bxa5 Bxa5 15. Nb3 Bb4 16. a5 Re8 17. e3 Bd6 $146 ({RR} 17... Bf5 18. Rfc1 Re7 19. Nc5 Be4 20. Ra4 Bxc5 21. Rxc5 Bxf3 22. Bxf3 Ne8 23. Be2 Nd6 24. Ra3 Rae8 25. Kg2 f5 26. Bd3 g6 27. h4 Kg7 28. Rb3 Ra8 29. Rb6 Nc8 30. Rb4 Nd6 31. Rb6 Nc8 32. Rb4 {½-½ Bellahcene,B (2319)-Garriga Cazorla,P (2233) EU-ch U16 23rd 2013 (5)}) 18. Rfc1 Ne4 19. Ne1 Bf5 20. Bf1 Re7 21. Nd3 h5 22. Ndc5 h4 23. Nxe4 Bxe4 24. Nc5 Bf3 25. Ra4 hxg3 26. hxg3 g5 27. Rb4 Kg7 28. Bg2 g4 29. Rc3 Rh8 30. Rcb3 Bxc5 31. dxc5 Rh5 32. Bxf3 gxf3 33. Rg4+ Kf8 34. Rbb4 d4 35. Rgxd4 Rxc5 36. Rd8+ Kg7 37. Rg4+ Kf6 38. Rf4+ Rf5 39. Rdd4 Ree5 40. b4 Rb5 41. g4 Rxf4 42. Rxf4+ Kg5 43. Kh2 Kh4 44. Rxf3 Rxb4 45. Rxf7 Kxg4 46. f3+ Kg5 47. e4 Rb5 48. Kg3 Kg6 49. Rc7 Rxa5 50. Rxb7 Rc5 51. f4 a5 52. f5+ Kf6 53. Kf4 a4 54. Ra7 Rc4 55. Ra6 Ke7 56. Ke5 c5 57. f6+ Ke8 58. Ra8+ Kf7 59. Kf5 Rd4 60. e5 Rd5 61. Rxa4 1-0